000 00636nam a2200181Ia 4500
003 GCL
008 140319s9999 xx 000 0 ara d
040 _aGCL /
_cGCL
082 0 4 _a621.38
_bف ا
100 1 _aفاروق سيد حسين
245 1 0 _aالانسان الالى روبوت والذكاء الصناعى /
_cفاروق سيد حسين
260 _a[S.N] :
_bدار الراتب الجامعية
300 _a149 ص
490 _aسلسلة تكنولوجيا الالكترونيات الحديثة
_v0
650 0 4 _aالحاسبات الالكترونية
650 0 4 _aالانسان الالى
942 _2ddc
_cBK
999 _c47973
_d47973